[Event "Toth mem"]
[Site "Kecskemet"]
[Date "1983.??.??"]
[Round "?"]
[White "Barczay, Laszlo"]
[Black "Zaichik, Gennadi"]
[Result "0-1"]
[WhiteElo "2435"]
[BlackElo "2480"]

1.d4 Nf6 2.c4 e6 3.Nf3 b6 4.Nc3 Bb4 5.Qc2 Bb7 6.Bg5 h6 7.Bh4 g5 8.Bg3 Ne4
9.Be5 f6 10.Bg3 Bxc3+ 11.bxc3 f5 12.e3 d6 13.Nd2 Nd7 14.f3 Nxd2 15.Kxd2 Qf6
16.h4 O-O-O 17.hxg5 hxg5 18.Bd3 g4 19.Be2 gxf3 20.gxf3 Rdg8 21.Rhg1 Qf7 22.Bf2 Qh5
23.Rxg8+ Rxg8 24.Qd1 Qh2 25.Bg1 Qg2 26.Qf1 Nf6 27.Qxg2 Rxg2 28.Rf1 Bxf3  0-1

[Event "New York"]
[Site "New York"]
[Date "1983.??.??"]
[Round "1"]
[White "Bisguier, Arthur Bernard"]
[Black "Frias, Victor J"]
[Result "1-0"]
[WhiteElo "2430"]
[BlackElo "2440"]

1.d4 e6 2.c4 Nf6 3.Nf3 b6 4.Nc3 Bb7 5.e3 Bb4 6.Bd3 O-O 7.O-O c5 8.Na4 cxd4
9.a3 Be7 10.exd4 Bxf3 11.Qxf3 Nc6 12.Be3 d5 13.cxd5 Qxd5 14.Rac1 Qxf3 15.gxf3 Nd8
16.Be4 Nxe4 17.fxe4 f5 18.Rc7 Rf7 19.Rfc1 fxe4 20.Nc3 Bd6 21.Rc4 Rd7 22.Nxe4 Nf7
23.Rc8+ Rxc8 24.Rxc8+ Bf8 25.Kg2 h6 26.Ra8 Nd8 27.Bxh6 Rxd4 28.Be3 Rxe4 29.Rxd8 Ra4
30.Ra8 g5 31.h3 Ra6 32.Bxg5 Kf7 33.Bf6 Bxa3 34.Be5 Be7 35.Bb8 Ra2 36.Rxa7 Kf6
37.Rxa2  1-0

[Event "New York"]
[Site "New York"]
[Date "1983.??.??"]
[Round "2"]
[White "Frias, Victor J"]
[Black "Burger, Karl"]
[Result "1-0"]
[WhiteElo "2440"]
[BlackElo "2360"]

1.d4 Nf6 2.c4 e6 3.Nf3 b6 4.Nc3 Bb4 5.Qc2 Bb7 6.a3 Bxc3+ 7.Qxc3 c5 8.dxc5 bxc5
9.e3 O-O 10.Be2 Ne4 11.Qc2 d6 12.O-O Nd7 13.b3 Qe7 14.Bb2 f5 15.Nd2 e5 16.f4 Rab8
17.Bd3 Nxd2 18.Qxd2 e4 19.Be2 Nf6 20.Rfd1 Rfd8 21.b4 Bc6 22.b5 Be8 23.Rab1 Bf7
24.a4 h6 25.Bc3 Kh7 26.Qb2 Be6 27.Bxf6 gxf6 28.a5 Rd7 29.Qc3 Kg7 30.Rb2 Kh7
31.Rdb1 Kg7 32.b6 a6 33.Bd1 Qf7 34.Rc1 Rdd8 35.Rd2 Qd7 36.h3 Rb7 37.g4 Kf7
38.Rg2 Rg8 39.gxf5 Rxg2+ 40.Kxg2 Bxf5 41.Bh5+ Bg6 42.Bxg6+ Kxg6 43.Kh2 Qe6
44.Rg1+ Kh7 45.Qc2 Rd7 46.Qg2 f5 47.Qg3 Rb7 48.Rg2 Rd7 49.Kg1 Rb7 50.h4 Qf7
51.h5 Kh8 52.Qg6 Qf8 53.Kh2 Rd7 54.Qe6 Rh7 55.Rg6  1-0

[Event "Nis"]
[Site "Nis"]
[Date "1983.??.??"]
[Round "2"]
[White "Djukic, Zeljko"]
[Black "Pavlovic, Dragan"]
[Result "1/2-1/2"]
[WhiteElo "2370"]
[BlackElo "2345"]

1.d4 Nf6 2.c4 e6 3.Nf3 b6 4.Nc3 Bb4 5.Qc2 Bb7 6.a3 Bxc3+ 7.Qxc3 Ne4 8.Qc2 d6
9.g3 Qc8 10.Bg2 O-O 11.O-O Nd7 12.b4 Nef6 13.Bb2 Be4 14.Qc3 Qb7 15.Rfd1 a5
16.Ne1 Bxg2 17.Nxg2 axb4 18.axb4 Rxa1 19.Rxa1 Ra8  1/2-1/2

[Event "SVK-ch"]
[Site "Nova Bana"]
[Date "1983.??.??"]
[Round "10"]
[White "Veselsky, Jozef"]
[Black "Brestak, Jan"]
[Result "0-1"]
[WhiteElo "2200"]
[BlackElo "2200"]

1.d4 Nf6 2.Nf3 b6 3.c4 e6 4.Nc3 Bb4 5.Qc2 c5 6.Bg5 h6 7.Bf4 Bb7 8.e3 O-O
9.Bd3 d5 10.O-O cxd4 11.Nxd4 Nbd7 12.Bg3 Rc8 13.cxd5 Nxd5 14.Ndb5 Nxc3 15.bxc3 a6
16.Bd6 Ba5 17.Bxf8 Nxf8 18.Rad1 axb5 19.Bh7+ Nxh7 20.Rxd8+ Rxd8 21.Rd1 Rxd1+
22.Qxd1 Bd5 23.Qd2 f5 24.f3 Nf6 25.a3 Kf7 26.h3 Ke7 27.Qd3 Bc4 28.Qd4 h5
29.e4 fxe4 30.fxe4 Kf7 31.Kf2 Bb3 32.Kg1 Bc4 33.a4 Ke7 34.Qe5 bxa4 35.Qc7+ Nd7
36.Qxc4 Nc5 37.Kf1 Kd6 38.Ke2 Kc6 39.Kd1 g5 40.Kc2 g4 41.h4 b5 42.Qd4 a3
43.Qh8 Kb6 44.Qd8+ Ka6 45.Kb1 Bxd8  0-1

[Event "Nordic-tt"]
[Site "Oslo"]
[Date "1983.??.??"]
[Round "?"]
[White "Olafsson, Helgi"]
[Black "Heim, Sverre"]
[Result "1-0"]
[WhiteElo "2430"]
[BlackElo "2420"]

1.d4 Nf6 2.Nf3 e6 3.c4 b6 4.Nc3 Bb4 5.Qc2 Bb7 6.a3 Bxc3+ 7.Qxc3 O-O 8.e3 d6
9.b4 Nbd7 10.Bb2 a5 11.Be2 axb4 12.axb4 Ne4 13.Rxa8 Bxa8 14.Qc2 c5 15.O-O f5
16.Rd1 cxb4 17.Qb3 Nc3 18.Bxc3 bxc3 19.Qxc3 h6 20.Qb3 Qc7 21.Ra1 Bb7 22.c5 Bd5
23.cxd6 Qxd6 24.Bc4 Rc8 25.Bxd5 Qxd5 26.Qxd5 exd5 27.Nh4 f4 28.Ng6 Rc2 29.Nxf4 Nf6
30.f3 g5 31.Ra8+ Kf7 32.Ra7+ Kg8 33.Ng6 h5 34.Rb7 Rb2 35.Ne7+ Kh8 36.Rb8+ Kg7
37.Rd8 Rb5 38.h4 g4 39.Kf2 Kf7 40.Nc6 Rb2+ 41.Kg3 Re2 42.Ne5+ Ke7 43.Rb8 gxf3
44.Rb7+ Ke6 45.Rxb6+ Kf5 46.Kxf3 Re1 47.Nc6 Kg6 48.Nb4 Kf5 49.Rd6 Rf1+ 50.Ke2 Rg1
51.Nxd5 Rxg2+ 52.Kf3 Rf2+ 53.Kxf2 Ne4+ 54.Kf3 Nxd6 55.Nf4 Ne4 56.Nxh5 Nd2+
57.Ke2 Nc4 58.Ng3+ Kg4 59.h5 Kxg3 60.h6 Nd6 61.h7 Nf7 62.d5  1-0

[Event "Nordic-tt"]
[Site "Oslo"]
[Date "1983.??.??"]
[Round "?"]
[White "Olafsson, Helgi"]
[Black "Ornstein, Axel"]
[Result "1-0"]
[WhiteElo "2430"]
[BlackElo "2455"]

1.d4 Nf6 2.Nf3 e6 3.c4 b6 4.Nc3 Bb4 5.Qc2 Bb7 6.a3 Bxc3+ 7.Qxc3 O-O 8.b4 a5
9.b5 c5 10.bxc6 Nxc6 11.e3 a4 12.Qc2 d5 13.cxd5 Qxd5 14.Bc4 Qd6 15.Bd2 Rfc8
16.Qa2 Na5 17.Bb4 Qc7 18.Bb5 Nb3 19.Rd1 Be4 20.O-O Ng4 21.Ne5 Nxe5 22.dxe5 Qxe5
23.Bxa4 Nc5 24.Bc2 Bd5 25.Qb1 Qg5 26.e4 Bc4 27.Rfe1 Rd8 28.Rxd8+ Rxd8 29.Rd1 h5
30.Bc3 b5 31.h3 h4 32.Bd4 Nd3 33.Be3 Qe7 34.Bxd3 Qxa3 35.Bxc4 Rxd1+ 36.Qxd1 bxc4
37.Qd8+ Kh7 38.Qxh4+ Kg8 39.Qd8+ Kh7 40.Kh2 c3 41.Qc7 Qb4 42.Qxf7  1-0

[Event "BUL-ch"]
[Site "Pernik"]
[Date "1983.??.??"]
[Round "11"]
[White "Spassov, Liuben"]
[Black "Danailov, Silvio"]
[Result "0-1"]
[WhiteElo "2475"]
[BlackElo "2345"]

1.d4 Nf6 2.c4 e6 3.Nf3 b6 4.Nc3 Bb7 5.a3 g6 6.d5 exd5 7.cxd5 Bg7 8.g3 O-O
9.Bg2 c6 10.Bg5 h6 11.Bxf6 Qxf6 12.O-O c5 13.Nd2 d6 14.Nc4 Ba6 15.Qa4 Qe7
16.Nd2 Qe8 17.Qf4 Qe7 18.Nde4 Rd8 19.g4 Nd7 20.Qxd6 Qxd6 21.Nxd6 Bxc3 22.bxc3 Nf6
23.Ne4 Nxe4 24.Bxe4 Bxe2 25.Rfe1 Bxg4 26.c4 Rd6 27.Bc2 Bd7 28.a4 Re8 29.Rxe8+ Bxe8
30.Rb1 a6 31.Ra1 Kf8 32.Bd3 Ke7 33.Be2 Bd7 34.a5 b5 35.cxb5 Bxb5 36.Bxb5 axb5
37.a6 Rd8 38.Ra5 Kd6 39.Rxb5 Ra8 40.Rb6+ Kxd5 41.Kf1 c4 42.Ke2 Kc5 43.Rf6 Kb5
44.Kd2 Rxa6 45.Rxf7 Ra2+ 46.Kd1 Ra1+ 47.Ke2 h5 48.h4 Rh1 49.Rf6 Rxh4 50.Rxg6 Kb4
51.Kd2 Rd4+ 52.Kc2 Rf4 53.Rg2 h4 54.Rh2 c3 55.f3 Rd4 56.Rh1 Rd2+ 57.Kc1 Kb3  0-1

[Event "EU-chT Plovdiv"]
[Site "Plovdiv"]
[Date "1983.??.??"]
[Round "5"]
[White "Langeweg, Kick"]
[Black "Schneider, Attila"]
[Result "1/2-1/2"]
[WhiteElo "2395"]
[BlackElo "2385"]

1.d4 Nf6 2.Nf3 e6 3.c4 b6 4.Nc3 Bb7 5.e3 d5 6.cxd5 exd5 7.Bb5+ c6 8.Bd3 Be7
9.O-O O-O 10.b3 Na6 11.Bb2 c5 12.Rc1 Nc7 13.dxc5 bxc5 14.Na4 Ne4 15.Bxe4 dxe4
16.Ne5 Bd5 17.Qh5 f6 18.Nc4 Na6 19.Rfd1 Nb4 20.Nc3 g6 21.Qe2 Nd3 22.Rc2 f5
23.Ne5 Bb7 24.Nxd3 Ba6 25.Nf4 Bxe2 26.Rxd8 Rfxd8 27.Nfxe2 Rd7 28.f3 exf3
29.gxf3 Rad8 30.Bc1 Bh4 31.e4 Rd3 32.Kg2 fxe4 33.fxe4 g5 34.Nd5 g4 35.Ng3 Rf8
36.Bh6 Rff3 37.Rxc5 Bxg3 38.hxg3 Rxg3+ 39.Kf2 Rdf3+ 40.Ke2 Rg2+ 41.Ke1 Rg1+  1/2-1/2

[Event "Ravenna-J"]
[Site "Ravenna"]
[Date "1983.??.??"]
[Round "?"]
[White "Arlandi, Ennio"]
[Black "Sjoberg, Mats"]
[Result "1-0"]
[WhiteElo "2300"]
[BlackElo "2350"]

1.d4 Nf6 2.c4 e6 3.Nf3 b6 4.Nc3 Bb4 5.Qc2 Bb7 6.a3 Bxc3+ 7.Qxc3 Ne4 8.Qc2 d6
9.e3 Nd7 10.Bd3 f5 11.b4 c5 12.Bb2 Qe7 13.O-O O-O 14.Rad1 Rad8 15.Nd2 Nxd2
16.Rxd2 Qg5 17.f4 Qe7 18.e4 g6 19.exf5 exf5 20.Re2 Qf7 21.d5 Nf6 22.Rfe1 Rde8
23.Qc3 Rxe2 24.Rxe2 Bc8 25.h3 h5 26.bxc5 bxc5 27.Bc2 Kh7 28.Qxf6 Qxf6 29.Bxf6 Rxf6
30.Re7+ Kg8 31.Rxa7 Rf7 32.Ra8 Rc7 33.a4 Kf7 34.a5 Bd7 35.a6 Ke7 36.a7 Kf7
37.Rf8+  1-0

[Event "Tatran Cup"]
[Site "Stary Smokovec"]
[Date "1983.??.??"]
[Round "8"]
[White "Stohl, Igor"]
[Black "Schneider, Attila"]
[Result "1-0"]
[WhiteElo "2380"]
[BlackElo "2410"]

1.d4 Nf6 2.Nf3 e6 3.c4 b6 4.Nc3 Bb7 5.a3 d5 6.cxd5 exd5 7.g3 g6 8.Bg2 Bg7
9.Qa4+ c6 10.O-O O-O 11.Rd1 Re8 12.Bf4 Ne4 13.Nxe4 dxe4 14.Nd2 Qd5 15.Bxb8 Raxb8
16.Nxe4 Qd8 17.e3 Re7 18.Rac1 Rc8 19.b4 a6 20.Qb3 Rcc7 21.a4 Rcd7 22.Nd2 Rd6
23.a5 Rde6 24.axb6 Qxb6 25.Nc4 Qb5 26.Na5 Bf8 27.d5  1-0

[Event "Tatran Cup"]
[Site "Stary Smokovec"]
[Date "1983.??.??"]
[Round "9"]
[White "Ftacnik, Lubomir"]
[Black "Stohl, Igor"]
[Result "1/2-1/2"]
[WhiteElo "2535"]
[BlackElo "2380"]

1.d4 Nf6 2.c4 e6 3.Nf3 b6 4.Nc3 Bb4 5.e3 Bb7 6.Bd3 O-O 7.O-O c5 8.Na4 cxd4
9.exd4 Re8 10.a3 Bf8 11.b4 d6 12.Bb2 Nbd7 13.Re1 Rc8 14.Nc3 Ba6 15.d5 Bxc4
16.Bxc4 Rxc4 17.dxe6 fxe6 18.Ng5 Ne5 19.Nb5 a6 20.Nd4 Qa8 21.Qb3 b5 22.Ndxe6 Qc8
23.f4 Neg4 24.h3 h6 25.Nxf8 hxg5 26.Ng6 Kh7 27.Qd3 Ne4 28.hxg4 Kxg6 29.f5+ Kf7
30.Rad1 Qc6 31.Qh3 Qb6+ 32.Kh2 Qf2 33.Qh5+ Ke7 34.Bxg7 Qg3+ 35.Kg1 Qf2+ 36.Kh2 Qg3+
37.Kg1  1/2-1/2

[Event "Tbilisi"]
[Site "Tbilisi"]
[Date "1983.??.??"]
[Round "?"]
[White "Zaichik, Gennadi"]
[Black "Sturua, Zurab"]
[Result "1-0"]
[WhiteElo "2480"]
[BlackElo "2450"]

1.d4 Nf6 2.c4 e6 3.Nf3 b6 4.Nc3 Bb4 5.Qc2 Bb7 6.Bg5 h6 7.Bh4 g5 8.Bg3 Ne4
9.Be5 O-O 10.d5 d6 11.a3 Bxc3+ 12.Bxc3 Nxc3 13.Qxc3 Nd7 14.Rd1 Qf6 15.Qc2 Rae8
16.e3 b5 17.cxb5 Bxd5 18.e4 Ba8 19.Be2 Nc5 20.e5 Qf5 21.Qxf5 exf5 22.exd6 cxd6
23.Nd4 Bxg2 24.Rg1 Be4 25.f3 Bd3 26.Kf2 Bxe2 27.Nxe2 Rb8 28.Rd5 Rfe8 29.Nc3 f4
30.Rxd6 Re3 31.Rgd1 Kg7 32.R1d5 Ne6 33.Rd7 a6 34.Nd1 Rb3 35.bxa6 g4 36.fxg4 Ng5
37.Rd3 R3b6 38.a7 Ra8 39.Re7 Kf6 40.Rdd7 Rb3 41.h4 Nh3+ 42.Kg2 Rg3+ 43.Kh2  1-0

[Event "Tbilisi"]
[Site "Tbilisi"]
[Date "1983.??.??"]
[Round "?"]
[White "Henley, Ron W"]
[Black "Adamski, Jan"]
[Result "1/2-1/2"]
[WhiteElo "2525"]
[BlackElo "2450"]

1.d4 Nf6 2.c4 e6 3.Nf3 b6 4.Nc3 Bb4 5.Qc2 Bb7 6.a3 Bxc3+ 7.Qxc3 O-O 8.b4 a5
9.b5 d6 10.e3 Nbd7  1/2-1/2

[Event "URS-ch sf"]
[Site "Volgodonsk"]
[Date "1983.??.??"]
[Round "?"]
[White "Gulko, Boris F"]
[Black "Ionov, Sergey"]
[Result "1/2-1/2"]
[WhiteElo "2490"]
[BlackElo "2200"]

1.d4 Nf6 2.c4 e6 3.Nf3 b6 4.Nc3 Bb4 5.e3 Bb7 6.Bd3 O-O 7.O-O c5 8.Na4 cxd4
9.a3 Be7 10.exd4 d6 11.Re1 Nbd7 12.b4 a5 13.Bb2 axb4 14.axb4 Re8 15.Nc3 Rxa1
16.Bxa1 Bf8 17.Bb2 e5 18.d5 b5 19.c5 dxc5 20.bxc5 Bxc5 21.Bxb5 Qb6 22.Qc2  1/2-1/2

[Event "Warsaw"]
[Site "Warsaw"]
[Date "1983.??.??"]
[Round "4"]
[White "Schmidt, Wlodzimierz"]
[Black "Adamski, Jan"]
[Result "1/2-1/2"]
[WhiteElo "2450"]
[BlackElo "2425"]

1.d4 Nf6 2.c4 e6 3.Nf3 b6 4.Nc3 Bb7 5.a3 g6 6.Bg5 Bg7 7.Qc2 h6 8.Bh4 d6 9.e4 g5
10.Bg3 Nh5 11.O-O-O Nxg3 12.hxg3 g4 13.Ng1 Nc6  1/2-1/2

[Event "Warsaw"]
[Site "Warsaw"]
[Date "1983.??.??"]
[Round "6"]
[White "Foisor, Ovidiu"]
[Black "Spassov, Liuben"]
[Result "1/2-1/2"]
[WhiteElo "2430"]
[BlackElo "2460"]

1.d4 Nf6 2.c4 e6 3.Nf3 b6 4.Nc3 Bb4 5.Qc2 Bb7 6.a3 Bxc3+ 7.Qxc3 d6 8.b4 Nbd7
9.e3 Ne4 10.Qc2 a5 11.b5 f5 12.Bd3 Ng5 13.Nxg5 Qxg5 14.f3 Qh4+ 15.Qf2 Qxf2+
16.Kxf2 O-O  1/2-1/2

[Event "Warsaw"]
[Site "Warsaw"]
[Date "1983.??.??"]
[Round "11"]
[White "Plachetka, Jan"]
[Black "Adamski, Jan"]
[Result "1/2-1/2"]
[WhiteElo "2455"]
[BlackElo "2425"]

1.d4 Nf6 2.c4 e6 3.Nf3 b6 4.Nc3 Bb4 5.Qc2 Bb7 6.a3 Bxc3+ 7.Qxc3 O-O 8.e3 d6
9.b4 a5 10.Bb2 Ne4 11.Qc2 axb4 12.axb4 Rxa1+ 13.Bxa1 Na6 14.Qb2 Qa8 15.d5 Nf6
16.Qb1 e5  1/2-1/2

[Event "Hoogovens-B"]
[Site "Wijk aan Zee"]
[Date "1983.??.??"]
[Round "4"]
[White "Franco Ocampo, Zenon"]
[Black "Van der Sterren, Paul"]
[Result "0-1"]
[WhiteElo "2500"]
[BlackElo "2460"]

1.d4 Nf6 2.c4 e6 3.Nf3 b6 4.Nc3 Bb7 5.a3 d5 6.cxd5 Nxd5 7.Qc2 c5 8.e4 Nxc3
9.bxc3 Nd7 10.Bd3 Qc7 11.Bb2 cxd4 12.cxd4 Qxc2 13.Bxc2 Rc8 14.Bd3 Be7 15.O-O O-O
16.Rfd1 Rfd8 17.Rd2 Nb8 18.Rad1 Bf6 19.h4 Bc6 20.Bc2 Bb5 21.g4 g6 22.Kg2 Nc6
23.e5 Be7 24.d5 exd5 25.Rxd5 Rxd5 26.Rxd5 Nb4 27.Rxb5 Rxc2 28.Ba1 Nd3 29.Bd4 Bxa3
30.Rb3 Nf4+ 31.Kh2 Bc5 32.Bxc5 Rxc5 33.g5 Kg7 34.Kg3 Ne6 35.Rd3 a5 36.Rd6 b5
37.Ra6 a4 38.Ra8 Rc3 39.Kg4 Rd3  0-1

[Event "OHRA-B"]
[Site "Amsterdam"]
[Date "1984.??.??"]
[Round "6"]
[White "Hartoch, Robert G"]
[Black "Van der Vliet, Fred"]
[Result "1-0"]
[WhiteElo "2365"]
[BlackElo "2330"]

1.d4 Nf6 2.Nf3 e6 3.c4 b6 4.Nc3 Bb7 5.a3 d5 6.cxd5 Nxd5 7.e4 Nxc3 8.bxc3 Bxe4
9.Ne5 a6 10.Qg4 Bb7 11.Bc4 Bd5 12.Bg5 f6 13.Qh5+ Ke7 14.Bh4 Qe8 15.Qe2 Kd8
16.O-O Kc8 17.Nf3 Bd6 18.Rfe1 Qc6 19.Bxd5 exd5 20.c4 dxc4 21.Qe6+ Kb7 22.d5 Qd7
23.Qe4 a5 24.Qxc4 Na6 25.Nd4 Nc5 26.Nc6 Rhe8 27.Qb5 Rxe1+ 28.Rxe1 Re8 29.Rxe8  1-0

[Event "URS-ch sf"]
[Site "Barnaul"]
[Date "1984.??.??"]
[Round "?"]
[White "Rashkovsky, Nukhim N"]
[Black "Kishnev, Sergey"]
[Result "1-0"]
[WhiteElo "2470"]
[BlackElo "2260"]

1.Nf3 Nf6 2.d4 e6 3.c4 b6 4.Nc3 Bb7 5.a3 d5 6.cxd5 Nxd5 7.Qa4+ Nd7 8.Nxd5 Bxd5
9.Bg5 f6 10.Bf4 Bd6 11.Bxd6 cxd6 12.e3 O-O 13.Bb5 Rf7 14.Bc6 b5 15.Bxb5 Nb6
16.Qa5 Rc8 17.O-O f5 18.Rfc1 Rxc1+ 19.Rxc1 Bxf3 20.gxf3 Qg5+ 21.Kf1 Qh5 22.Be8 Qh3+
23.Ke2 Re7 24.Bc6 Qxh2 25.Qb4 g5 26.a4 Kg7 27.a5 Nd5 28.Qb8 Nf6 29.Qd8 Kf7
30.b4 d5 31.Bb5 g4 32.Rc8 gxf3+ 33.Ke1 Qg1+ 34.Bf1 Ne8 35.b5 h5 36.b6 axb6
37.axb6 h4 38.b7 Rxb7 39.Qxe8+ Kf6 40.Qf8+ Kg6 41.Qg8+ Rg7 42.Qxe6+ Kh7 43.Qxf5+ Qg6
44.Bd3 Qxf5 45.Bxf5+ Kh6  1-0

[Event "URS-ch sf"]
[Site "Barnaul"]
[Date "1984.??.??"]
[Round "?"]
[White "Dzuban, Oleg I"]
[Black "Rozentalis, Eduardas"]
[Result "0-1"]
[WhiteElo "2415"]
[BlackElo "2465"]

1.d4 e6 2.c4 Nf6 3.Nf3 b6 4.Nc3 Bb4 5.g3 Bb7 6.Bg2 O-O 7.O-O Bxc3 8.bxc3 d6
9.Bg5 Nbd7 10.Nd2 Bxg2 11.Kxg2 c5 12.e4 h6 13.Be3 Rc8 14.f4 e5 15.dxe5 dxe5
16.f5 Rc6 17.Qe2 Rd6 18.Rad1 Qa8 19.Kf3 Rd8 20.g4 Nxe4 21.Nxe4 Nf6 22.Rd5 Nxe4  0-1

[Event "URS-ch sf"]
[Site "Barnaul"]
[Date "1984.??.??"]
[Round "?"]
[White "Kharitonov, Andrei Y"]
[Black "Rozentalis, Eduardas"]
[Result "1-0"]
[WhiteElo "2455"]
[BlackElo "2465"]

1.d4 e6 2.c4 Nf6 3.Nf3 b6 4.Nc3 Bb4 5.Qb3 a5 6.g3 Nc6 7.Bg2 a4 8.Qc2 Ba6
9.a3 Bxc3+ 10.Qxc3 Ne4 11.Qc2 Nd6 12.c5 bxc5 13.dxc5 Nf5 14.Bg5 f6 15.Bf4 g5
16.Be3 Qe7 17.Rd1 Bb7 18.O-O Ra5 19.Bd2 Qxc5 20.Bc3 Ra7 21.Qd2 Qe7 22.Nxg5 O-O
23.Nh3 Rf7 24.Nf4 Ne5 25.e4 Nd6 26.Qe3 Ra8 27.Nh5 Ba6 28.Rfe1 Nb5 29.Bb4 d6
30.f4 Nc4 31.Qc1 c5 32.Qxc4 cxb4 33.Qxb4 e5 34.Qxa4 Nd4 35.Rd2 Qe6 36.Qd1 Bc4
37.Rxd4 exd4 38.Qxd4 Rc8 39.Rc1 Ba6 40.Rxc8+ Qxc8 41.h3  1-0

[Event "URS-ch sf"]
[Site "Barnaul"]
[Date "1984.??.??"]
[Round "?"]
[White "Kishnev, Sergey"]
[Black "Nenashev, Alexander"]
[Result "1-0"]
[WhiteElo "2260"]
[BlackElo "2200"]

1.d4 Nf6 2.c4 e6 3.Nf3 b6 4.Nc3 Bb4 5.Bg5 Bb7 6.e3 Nc6 7.Bd3 Ne7 8.Qc2 Ng6
9.e4 Be7 10.Bd2 c5 11.d5 e5 12.O-O h5 13.a3 d6 14.b4 Nd7 15.Rfb1 Rc8 16.Qa4 a6
17.bxc5 dxc5 18.Rb2 Qc7 19.Rab1 Kf8 20.Qd1 Rb8 21.Na4 b5 22.cxb5 c4 23.b6 Qd8
24.Bxc4 Bxa3 25.Bb4+ Bxb4 26.Rxb4 Ne7 27.Qd3 Ra8 28.Qc3 Qb8 29.Be2 Rh6 30.Nc5 Nxc5
31.Qxc5 Ke8 32.Qc3 Ng6 33.Bf1 h4 34.Rc4 Qd6 35.Rc7 Rb8 36.Rxb7  1-0

[Event "URS-ch sf"]
[Site "Barnaul"]
[Date "1984.??.??"]
[Round "?"]
[White "Kharitonov, Andrei Y"]
[Black "Vaisser, Anatoli"]
[Result "1-0"]
[WhiteElo "2455"]
[BlackElo "2475"]

1.d4 Nf6 2.Nf3 e6 3.c4 b6 4.Nc3 Bb4 5.Bg5 h6 6.Bh4 Bb7 7.e3 g5 8.Bg3 Ne4
9.Qc2 Bxc3+ 10.bxc3 d6 11.Bd3 f5 12.d5 Nd7 13.Bxe4 fxe4 14.Qxe4 Qf6 15.O-O Nc5
16.Qd4 O-O 17.e4 exd5 18.exd5 Qg6 19.Rfe1 Rae8 20.h4 Bc8 21.hxg5 hxg5 22.Re3 Re4
23.Rxe4 Nxe4 24.Re1 Nxg3 25.fxg3 g4 26.Nd2 Bf5 27.Re7 Re8 28.Qe3 Rxe7 29.Qxe7 Qf7
30.Qd8+ Kg7 31.Nb3 Kg6 32.Nd4 Qf6 33.Qxc7 Qe5 34.Qd8 Qe3+ 35.Kh2 Qh6+ 36.Qh4 Bd3
37.Nc6 Bxc4 38.a3 Qxh4+ 39.gxh4 a5 40.Kg3 Kh5 41.Ne7 Bb3  1-0

[Event "Bayamo"]
[Site "Bayamo"]
[Date "1984.??.??"]
[Round "?"]
[White "Hernandez, Roman"]
[Black "Garcia Martinez, Silvino"]
[Result "1/2-1/2"]
[WhiteElo "2460"]
[BlackElo "2450"]

1.d4 Nf6 2.Nf3 e6 3.c4 b6 4.Nc3 Bb4 5.Qb3 a5 6.a3 Bxc3+ 7.Qxc3 Bb7 8.e3 O-O
9.Be2 d6 10.b3 Nbd7 11.Bb2 Ne4  1/2-1/2

[Event "Bayamo"]
[Site "Bayamo"]
[Date "1984.??.??"]
[Round "?"]
[White "Hernandez, Roman"]
[Black "Vilela, Jose Luis"]
[Result "1/2-1/2"]
[WhiteElo "2460"]
[BlackElo "2450"]

1.d4 Nf6 2.Nf3 e6 3.c4 b6 4.Nc3 Bb7 5.a3 d5 6.cxd5 Nxd5 7.e3 g6 8.Nxd5 Qxd5
9.Qc2 Nd7 10.Qxc7 Rc8 11.Qf4 Bg7 12.Be2 O-O 13.O-O Rfd8  1/2-1/2

[Event "Bayamo"]
[Site "Bayamo"]
[Date "1984.??.??"]
[Round "?"]
[White "Garcia Gonzales, Guillermo"]
[Black "Mateo, Ramon"]
[Result "1-0"]
[WhiteElo "2515"]
[BlackElo "2410"]

1.d4 Nf6 2.c4 e6 3.Nf3 b6 4.Nc3 Bb4 5.e3 O-O 6.Bd3 d5 7.O-O c5 8.a3 Bxc3
9.bxc3 dxc4 10.Bxc4 Qc7 11.Bd3 Bb7 12.Re1 cxd4 13.cxd4 Be4 14.Bxe4 Nxe4 15.Qd3 Qb7
16.Ne5 f6 17.Nc4 Qd5 18.Bb2 Nc6 19.f3 Nd6 20.Nxd6 Qxd6 21.e4 Rfd8 22.Rad1 Rac8
23.Qb5 Na5 24.Rc1 Rc7 25.Rxc7 Qxc7 26.Rc1 Qd7 27.a4 Qd6 28.g3 h6 29.Kg2 Kh7
30.h4 Rd7 31.Rc8 Rc7 32.e5 Qd7 33.Qxd7 Rxd7 34.exf6 gxf6 35.Kf2 Kg6 36.Ke3 Nb7
37.Ba3 Nd8 38.Bb4 Nf7 39.h5+ Kg7 40.Bf8+ Kh7 41.f4 Rd5 42.Rc7 Kg8 43.Be7 Kg7
44.g4 Ra5 45.Rc6 Rxa4 46.Rxe6 Ra1 47.Bxf6+ Kf8 48.Kf2 b5 49.Be7+  1-0

[Event "Biel"]
[Site "Biel"]
[Date "1984.??.??"]
[Round "?"]
[White "Garcia Gonzales, Guillermo"]
[Black "Kortschnoj, Viktor"]
[Result "1/2-1/2"]
[WhiteElo "2470"]
[BlackElo "2635"]

1.d4 Nf6 2.c4 e6 3.Nf3 b6 4.Nc3 Bb7 5.g3 Bb4 6.Bd2 Bxf3 7.exf3 Nc6 8.a3 Be7
9.Be3 O-O 10.d5 Na5 11.Be2 Nb7 12.O-O a5 13.Qc2 Bc5 14.Rfe1 Bxe3 15.fxe3 Qe7
16.Bf1 c6 17.dxc6  1/2-1/2

[Event "Lang mem 5th"]
[Site "Brno"]
[Date "1984.??.??"]
[Round "9"]
[White "Levacic, Damir"]
[Black "Jurka, Miroslav"]
[Result "1-0"]
[WhiteElo "2255"]
[BlackElo "2290"]

1.d4 Nf6 2.Nf3 e6 3.c4 b6 4.Nc3 Bb4 5.Bg5 h6 6.Bh4 Bb7 7.Qc2 O-O 8.a3 Bxc3+
9.Qxc3 d6 10.e3 Nbd7 11.Be2 Qe7 12.O-O Rfe8 13.Nd2 Ne4 14.Nxe4 Qxh4 15.Ng3 e5
16.d5 a5 17.b4 e4 18.Qxg7+ Kxg7 19.Nf5+ Kh7 20.Nxh4 Ne5 21.Nf5 Bc8 22.Ng3 f5
23.Nh5 Kg6 24.Nf4+ Kf6 25.c5 bxc5 26.bxc5 dxc5 27.Rfc1 Ke7 28.Rxc5 Kd6 29.Rac1 Ra7
30.Bb5 Bd7 31.Bxd7 Kxd7 32.Rb5 a4 33.Ne6 c6 34.Nc5+ Kd6 35.dxc6 Kxc6 36.Rb4 Kd6
37.Nxa4 Nd3 38.Rb6+ Ke7 39.Rc4 Rea8 40.Nc3 Rxa3 41.h3 Ra1+ 42.Kh2 Nxf2 43.Nd5+ Kf8
44.Rc7 R1a7 45.Rf6+ Kg8 46.Rg6+ Kf8 47.Rf6+ Kg8 48.Rxa7 Rxa7 49.Rxf5 Ra2
50.Rf4 Re2 51.Kg1 Nd3 52.Rxe4 Kf7 53.Kh2 Rb2 54.Re7+ Kg8 55.Nf4 Nf2 56.Kg3 Nd1
57.Kg4 Rb5 58.e4 Ne3+ 59.Kh4 Ra5 60.g4 Rb5 61.Re6 Kh7 62.e5 Nc4 63.Re7+ Kg8
64.e6 Re5 65.Nh5 Nd6 66.Rg7+ Kf8 67.Rg6 Ke7 68.Nf4  1-0

[Event "CUB-ch"]
[Site "CUB"]
[Date "1984.??.??"]
[Round "1"]
[White "Hernandez, Roman"]
[Black "Vilela, Jose Luis"]
[Result "1/2-1/2"]
[WhiteElo "2460"]
[BlackElo "2450"]

1.d4 Nf6 2.Nf3 e6 3.c4 b6 4.Nc3 Bb7 5.a3 d5 6.cxd5 Nxd5 7.e3 Nd7 8.Bd3 c5
9.Nxd5 Bxd5 10.dxc5 Bxc5 11.O-O O-O 12.b4  1/2-1/2

[Event "Czestochowa"]
[Site "Czestochowa"]
[Date "1984.??.??"]
[Round "?"]
[White "Sapis, Witalis"]
[Black "Kojder, Konrad"]
[Result "1-0"]
[WhiteElo "2320"]
[BlackElo "2380"]

1.d4 Nf6 2.Nf3 e6 3.c4 b6 4.Nc3 Bb7 5.Qc2 c5 6.e4 cxd4 7.Nxd4 Bb4 8.f3 O-O
9.Bd3 h6 10.Be3 d5 11.exd5 exd5 12.O-O dxc4 13.Bxc4 Qc8 14.Bb3 Bxc3 15.bxc3 Nd5
16.Bd2 Qc5 17.Kh1 Nc6 18.Nf5 Nce7 19.c4 Nb4 20.Nxe7+ Qxe7 21.Qc3 Na6 22.Rfe1 Qh4
23.Bc1 Nc5 24.Bb2 Qg5 25.Re5 Qf6 26.Qc2 Qg6 27.Qxg6 fxg6 28.Bc2 g5 29.Re7 Rf7
30.Rae1 Ba6 31.Bg6 Rxe7 32.Rxe7 Bxc4 33.Rxg7+ Kf8 34.Rh7 Rd8 35.h4 Rd1+ 36.Kh2 Ne6
37.Rxh6 gxh4 38.Rxh4 Bxa2  1-0

[Event "New Delhi"]
[Site "Delhi"]
[Date "1984.??.??"]
[Round "?"]
[White "Ravikumar, Vaidyanathan"]
[Black "Kuzmin, Gennadi P"]
[Result "1/2-1/2"]
[WhiteElo "2415"]
[BlackElo "2505"]

1.d4 Nf6 2.c4 e6 3.Nf3 b6 4.Nc3 Bb4 5.Bg5 Bb7 6.e3 h6 7.Bh4 Bxc3+ 8.bxc3 d6
9.Nd2 Nbd7 10.f3 Qe7 11.Bd3 e5 12.e4 c5 13.O-O g5 14.Bf2 Nh5 15.Re1 Nf4 16.Nf1 g4
17.Ng3 gxf3 18.Qxf3 Rg8 19.Bf1 Qf6 20.Kh1 Nf8 21.d5 Nh7 22.Nf5 Ng5 23.Qg4 Kf8
24.Bh4 Bc8 25.Re3 h5 26.Qd1 Nxe4 27.Bxf6 Nf2+ 28.Kg1 N4h3+ 29.Rxh3 Nxh3+
30.Kh1 Nf2+ 31.Kg1 Nxd1  1/2-1/2

[Event "New Delhi"]
[Site "Delhi"]
[Date "1984.??.??"]
[Round "?"]
[White "Ravikumar, Vaidyanathan"]
[Black "Prasad, Devaki V"]
[Result "1-0"]
[WhiteElo "2415"]
[BlackElo "2340"]

1.d4 Nf6 2.c4 e6 3.Nf3 b6 4.Nc3 Bb7 5.Bg5 Bb4 6.e3 Bxc3+ 7.bxc3 d6 8.Bd3 Nbd7
9.Qc2 h6 10.Bh4 O-O 11.e4 e5 12.O-O Qe7 13.Rae1 Kh8 14.c5 bxc5 15.dxe5 dxe5
16.Nd2 g5 17.Bg3 Nh5 18.Nc4 Nf4 19.Ne3 Qd6 20.Bb5 Nb6 21.Rd1 Qg6 22.f3 Bc8
23.Rf2 h5 24.Rfd2 Be6 25.Bf1 Rg8 26.c4 g4 27.fxg4 Bxg4 28.Re1 Be6 29.Nd5 Bxd5
30.exd5 Qg5 31.Rf2 h4 32.Bxf4 exf4 33.Re4 Rg7 34.Rexf4 Rf8 35.Qe4 Nc8 36.Rxh4+ Kg8
37.Rf5 Qg6 38.Rfh5 f5 39.Qe5 Nd6 40.Rh8+ Kf7 41.g3 Rxh8 42.Rxh8 Rg8 43.Qe6+ Qxe6
44.dxe6+ Kg7 45.Rxg8+ Kxg8 46.Bd3 Kf8 47.Kf2 Ke7 48.Ke3 Kxe6 49.Kf4 Kf6 50.h4 Ke6
51.h5 Kf6 52.a3 a6 53.a4 a5 54.h6 Kg6 55.Bxf5+ Kxh6 56.Be6 Kg7 57.Ke5 Kf8
58.g4 Ke7 59.g5 Ne8 60.Bd5 Nd6 61.g6 Ne8 62.Bc6 Ng7 63.Bf3 Ne8 64.Kd5 Nd6
65.Be2 Kf6 66.Bd3 Nc8 67.Kxc5 Na7 68.Bf5 Kg7 69.Bc2 Kf6 70.Kd5 Ke7 71.c5 Kf6
72.Be4 Ke7 73.Ke5 Nc8 74.Bd5  1-0

[Event "DDR-ch 33th"]
[Site "Eilenburg"]
[Date "1984.??.??"]
[Round "2"]
[White "Paehtz, Thomas Sr"]
[Black "Tischbierek, Raj"]
[Result "1/2-1/2"]
[WhiteElo "2360"]
[BlackElo "2450"]

1.d4 Nf6 2.Nf3 e6 3.c4 b6 4.Nc3 Bb4 5.Qc2 Bb7 6.a3 Bxc3+ 7.Qxc3 O-O 8.e3 d6
9.b3 Nbd7 10.Bb2 c5 11.dxc5 bxc5 12.Be2 e5 13.O-O Ne4 14.Qc2 Ng5 15.Rad1 Nxf3+
16.Bxf3 Bxf3 17.gxf3 Qf6 18.Qe4 Rab8 19.Rd3 Qg5+ 20.Qg4 Qe7 21.Qf5 Rb6 22.Rfd1 a5
23.f4 f6 24.Bc3 Ra8 25.Qe4 Raa6 26.Be1 Qf7 27.f5 g6  1/2-1/2